Strategic Management : An Integrated Approach /

Salvato in:
Dettagli Bibliografici
Autori principali: Hill, Charles W.L (Autore), Jones, Gareth R (Autore)
Natura: Libro
Lingua:inglese
Pubblicazione: Boston : Houghton Mifflin Company, 1989
Tags: Aggiungi Tag
Nessun Tag, puoi essere il primo ad aggiungerne!!

MARC

LEADER 00000nam a22000003a 4500
001 stu21082
005 20150617225749.9
008 930215s1989----xxu-----------------eng-d
020 |a 0-395-43411-4 
040 |a STU  |b slo 
041 0 |a eng 
044 |a xxu 
080 |a 338.242 
100 1 |a Hill, Charles W.L  |4 aut 
245 1 |a Strategic Management :  |b An Integrated Approach /  |c [aut.]Hill,Charles W.L., Jones,Gareth R 
260 |a Boston :  |b Houghton Mifflin Company,  |c 1989 
300 |a 994 s :  |b Tab.,grafy,index 
700 1 |a Jones, Gareth R  |4 aut 
996 |b C91213  |c C*91213  |l CCXIV  |s P  |a 0  |w stu21082_0001